[Event "European Blitz Championship 2021"]
[Site "Katowice"]
[Date "2021.12.17"]
[Round "4.13"]
[White "Zima, Teofil"]
[Black "Kalogeris, Ioannis"]
[Result "1-0"]
[WhiteElo "2020"]
[BlackElo "2287"]
[Annotator "ChessBase"]
[PlyCount "89"]
[EventDate "2021.12.17"]
[EventType "swiss"]
[EventCountry "POL"]
[SourceTitle "playchess.com"]
[Source "ChessBase"]
[SourceQuality "1"]

1. Nf3 Nf6 2. g3 d5 3. d4 c5 4. c3 Nc6 5. Bg2 Bf5 6. O-O e6 7. b3 h6 8. Bb2 Qb6
9. e3 a5 10. a3 c4 11. b4 g5 12. Ne5 g4 13. Qa4 Bd6 14. Nxc6 bxc6 15. Nd2 Kf8
16. e4 Nxe4 17. Bxe4 Bxe4 18. Nxe4 dxe4 19. Rfe1 f5 20. Rab1 Qb5 21. Qc2 axb4
22. cxb4 h5 23. Rbc1 h4 24. Qxc4 hxg3 25. hxg3 Ke7 26. Qxc6 Qd3 27. d5 e5 28.
Qb7+ Kf6 29. Qd7 Ra6 30. Qe6+ Kg5 31. Rc3 Qb5 32. Bc1+ f4 33. Rxe4 Qa4 34.
Rxe5+ Bxe5 35. Qxe5+ Kg6 36. Qxh8 Qd1+ 37. Kh2 Kf5 38. Qh7+ Ke5 39. Qe7+ Kd4
40. Qc5+ Ke5 41. d6+ Ke6 42. Qc4+ Kd7 43. Qxa6 fxg3+ 44. Kxg3 Qd5 45. Qc6+ 1-0

[Event "European Blitz Championship 2021"]
[Site "Katowice"]
[Date "2021.12.17"]
[Round "4.14"]
[White "Bernadskiy, Vitaliy"]
[Black "Redzisz, Michal"]
[Result "1-0"]
[WhiteElo "2592"]
[BlackElo "2257"]
[Annotator "RC"]
[PlyCount "105"]
[EventDate "2021.12.17"]
[EventType "swiss"]
[EventCountry "POL"]
[SourceTitle "playchess.com"]
[Source "ChessBase"]
[SourceQuality "1"]

1. e4 e5 2. Nf3 Nf6 3. Nxe5 d6 4. Nd3 Nxe4 5. Qe2 Qe7 6. Nf4 Nc6 7. c3 Nf6 8.
d4 Bf5 9. f3 g5 10. Qxe7+ Bxe7 11. Bd3 Bxd3 12. Nxd3 h6 13. Na3 Kd7 14. Nc2
Rae8 15. Kf2 g4 16. Ne3 h5 17. Bd2 Bf8 18. Nf5 Ne7 19. Nh4 Ng6 20. Bg5 Nh7 21.
Nxg6 fxg6 22. Bd2 gxf3 23. gxf3 Be7 24. h4 g5 25. hxg5 Bxg5 26. Bxg5 Nxg5 27.
Rag1 Ne6 28. Rh4 Ref8 29. d5 Nc5 30. Nxc5+ dxc5 31. Rg5 Rf6 32. Rhxh5 Rhf8 33.
Rg3 c4 34. Rh4 b5 35. Ke3 Kd6 36. Rd4 Re8+ 37. Re4 Rh8 38. Rg7 Rh1 39. a4 Re1+
40. Kd2 Rb1 41. Kc2 Rf1 42. axb5 Rf2+ 43. Kb1 Kxd5 44. Rd4+ Kc5 45. Rxc7+ Kxb5
46. Rdxc4 Rf1+ 47. Ka2 R1xf3 48. Kb3 a5 49. Rc8 Rb6 50. Ka3 Rf5 51. R4c7 Ka6
52. Ra8+ Kb5 53. c4# 1-0

[Event "European Blitz Championship 2021"]
[Site "Katowice"]
[Date "2021.12.17"]
[Round "4.14"]
[White "Szpar, Milosz"]
[Black "Malik, Maciej"]
[Result "1-0"]
[WhiteElo "2285"]
[BlackElo "1987"]
[Annotator "ChessBase"]
[PlyCount "79"]
[EventDate "2021.12.17"]
[EventType "swiss"]
[EventCountry "POL"]
[SourceTitle "playchess.com"]
[Source "ChessBase"]
[SourceQuality "1"]

1. e4 g6 2. d4 d6 3. Nf3 Nf6 4. Bd3 Bg7 5. O-O O-O 6. Re1 Na6 7. c3 c6 8. Nbd2
Nc7 9. e5 dxe5 10. Nxe5 Nfd5 11. Ndf3 Ne6 12. a4 a6 13. Bd2 Rb8 14. Qc1 c5 15.
dxc5 Nxc5 16. Bc2 Qc7 17. Bh6 Be6 18. Bxg7 Kxg7 19. Nd4 Rbd8 20. h4 f6 21. Nxg6
hxg6 22. Nxe6+ Nxe6 23. Rxe6 Nf4 24. Re3 e5 25. Qe1 Rh8 26. g3 Nd5 27. Rd3 Ne7
28. Rad1 Rxd3 29. Rxd3 Rd8 30. Qd1 Rxd3 31. Qxd3 f5 32. Qe3 Qd6 33. h5 f4 34.
Qf3 Qd2 35. Qxb7 Kf6 36. Qxa6+ Kg5 37. Qe6 Qe1+ 38. Kg2 f3+ 39. Kxf3 Nd5 40.
Qxg6# 1-0

[Event "European Blitz Championship 2021"]
[Site "Katowice"]
[Date "2021.12.17"]
[Round "4.15"]
[White "Marczuk, Dominik"]
[Black "Donchenko, Alexander"]
[Result "0-1"]
[WhiteElo "2281"]
[BlackElo "2645"]
[Annotator "RC"]
[PlyCount "72"]
[EventDate "2021.12.17"]
[EventType "swiss"]
[EventCountry "POL"]
[SourceTitle "playchess.com"]
[Source "ChessBase"]
[SourceQuality "1"]

1. d4 Nf6 2. Nc3 d5 3. Bf4 c5 4. e3 cxd4 5. exd4 a6 6. h3 Nc6 7. Nf3 Bf5 8. Bd3
Bxd3 9. Qxd3 e6 10. O-O Rc8 11. Ne5 Nxe5 12. Bxe5 Bd6 13. Qg3 Nh5 14. Qe3 Bxe5
15. Qxe5 Nf6 16. Rae1 O-O 17. Re2 Qb6 18. Nd1 Ne4 19. c3 Qc7 20. Qxc7 Rxc7 21.
Kh2 b5 22. f3 Nd6 23. Ne3 Rb8 24. a3 a5 25. Ra1 h5 26. Kg3 b4 27. axb4 axb4 28.
Ra6 bxc3 29. bxc3 Rd8 30. Rc2 Nb5 31. Rb6 Nxc3 32. Nd1 Ne4+ 33. fxe4 Rxc2 34.
exd5 Rxd5 35. Ne3 Rc3 36. Kf2 Rxd4 0-1

[Event "European Blitz Championship 2021"]
[Site "Katowice"]
[Date "2021.12.17"]
[Round "4.15"]
[White "Masternak, Aleksander"]
[Black "Grabarczyk, Miroslaw"]
[Result "0-1"]
[WhiteElo "2193"]
[BlackElo "2279"]
[Annotator "NA"]
[PlyCount "67"]
[EventDate "2021.12.17"]
[EventType "swiss"]
[EventCountry "POL"]
[SourceTitle "playchess.com"]
[Source "ChessBase"]
[SourceQuality "1"]

1. d4 d5 2. c4 e6 3. Nc3 Nf6 4. Bg5 Be7 5. cxd5 exd5 6. Qc2 c6 7. e3 Bg4 8. Bd3
Bh5 9. Nge2 Bg6 10. Nf4 Nbd7 11. O-O O-O 12. Nxg6 hxg6 13. Rad1 Rc8 14. Rfe1 a6
15. e4 dxe4 16. Nxe4 Nxe4 17. Bxe7 Qxe7 18. Rxe4 Qd6 19. Bc4 Nb6 20. Bb3 Rce8
21. Rde1 Rxe4 22. Rxe4 Rd8 23. h3 Nd5 24. Re5 Nc7 25. Re4 Re8 26. Qe2 Rxe4 27.
Qxe4 Kf8 28. g3 Nb5 29. d5 c5 30. Bc4 Nd4 31. Kg2 Nf5 32. a3 b5 33. Bd3 Ne7 34.
a4 0-1

[Event "European Blitz Championship 2021"]
[Site "Katowice"]
[Date "2021.12.17"]
[Round "4.16"]
[White "Morkunas, Gustas"]
[Black "Andersen, Mads"]
[Result "0-1"]
[WhiteElo "1907"]
[BlackElo "2575"]
[Annotator "RC"]
[PlyCount "92"]
[EventDate "2021.12.17"]
[EventType "swiss"]
[EventCountry "POL"]
[SourceTitle "playchess.com"]
[Source "ChessBase"]
[SourceQuality "1"]

1. e4 e5 2. Nf3 Nc6 3. Bb5 Nge7 4. Nc3 Ng6 5. d4 Nxd4 6. Nxd4 exd4 7. Qxd4 c6
8. Be2 Qb6 9. Qxb6 axb6 10. Be3 Bc5 11. Bxc5 bxc5 12. a4 b5 13. O-O b4 14. Nd1
d6 15. Ne3 Ke7 16. f4 Rd8 17. Nc4 Ba6 18. Bd3 Bxc4 19. Bxc4 d5 20. exd5 cxd5
21. Bb5 Kd6 22. Rad1 Ne7 23. Rfe1 f6 24. Kf2 Nf5 25. c3 bxc3 26. bxc3 h5 27. g3
d4 28. h3 Kc7 29. cxd4 cxd4 30. g4 hxg4 31. hxg4 Ne3 32. Rc1+ Kb6 33. Rc6+ Ka5
34. Ke2 Nd5 35. Kd3 Nb4+ 36. Kd2 Nxc6 37. Bxc6 Rac8 38. Bb5 Rc7 39. Re6 d3 40.
Ra6+ Kb4 41. Rb6 Ka3 42. Bxd3 Rcd7 43. a5 Rxd3+ 44. Ke2 R3d6 45. Rb7 R8d7 46.
a6 Rxb7 0-1

[Event "European Blitz Championship 2021"]
[Site "Katowice"]
[Date "2021.12.17"]
[Round "4.16"]
[White "Smieja, Adam"]
[Black "Ustianovich, Nazar"]
[Result "0-1"]
[WhiteElo "1848"]
[BlackElo "2278"]
[Annotator "NA"]
[PlyCount "76"]
[EventDate "2021.12.17"]
[EventType "swiss"]
[EventCountry "POL"]
[SourceTitle "playchess.com"]
[Source "ChessBase"]
[SourceQuality "1"]

1. c4 c6 2. g3 d5 3. b3 Nf6 4. Bg2 Bf5 5. Nf3 e6 6. d3 Nbd7 7. Nc3 Bd6 8. Bb2
Qe7 9. Nh4 Bg4 10. h3 Bh5 11. g4 Bg6 12. Nxg6 hxg6 13. Qc2 g5 14. e3 Ba3 15.
Qc1 Bxb2 16. Qxb2 Ne5 17. Qd2 O-O-O 18. cxd5 exd5 19. d4 Ng6 20. O-O-O Nh4 21.
Bf1 Kb8 22. Kb2 Rhe8 23. Rc1 Qd6 24. Na4 Ne4 25. Qe2 Qf6 26. Rc2 Re7 27. Nc5
Nxc5 28. Rxc5 Ng6 29. Qc2 Nh4 30. Bd3 Qd6 31. Ra5 Rc7 32. Rc1 Rdc8 33. a3 Qf6
34. Bf5 Nxf5 35. gxf5 c5 36. Rxc5 Rxc5 37. Qxc5 Rxc5 38. Rxc5 Qxf5 0-1

[Event "European Blitz Championship 2021"]
[Site "Katowice"]
[Date "2021.12.17"]
[Round "4.17"]
[White "Turski, Bartlomiej"]
[Black "Pultinevicius, Paulius"]
[Result "0-1"]
[WhiteElo "2114"]
[BlackElo "2546"]
[Annotator "RC"]
[PlyCount "139"]
[EventDate "2021.12.17"]
[EventType "swiss"]
[EventCountry "POL"]
[SourceTitle "playchess.com"]
[Source "ChessBase"]
[SourceQuality "1"]

1. e4 Nc6 2. Nf3 d6 3. d4 Nf6 4. Nc3 g6 5. h3 Bg7 6. Be3 O-O 7. Be2 Bd7 8. O-O
e5 9. dxe5 Nxe5 10. Nxe5 dxe5 11. Bg5 h6 12. Bxf6 Bxf6 13. Nd5 Bg7 14. Bg4 Bb5
15. Be2 Be8 16. Qd3 c6 17. Ne3 Qxd3 18. Bxd3 Bd7 19. Rad1 Rfd8 20. Bc4 b5 21.
Bb3 Kf8 22. a4 a6 23. Rd3 Ke7 24. Rfd1 Be8 25. Rxd8 Rxd8 26. Rxd8 Kxd8 27. Kf1
Kc7 28. Ke2 Kb6 29. axb5 axb5 30. c3 h5 31. g3 Kc5 32. h4 Bh6 33. Kd3 Kd6 34.
Ke2 c5 35. Bd5 c4 36. b3 cxb3 37. Bxb3 Kc5 38. Bd5 f5 39. f3 f4 40. Nf1 fxg3
41. Nxg3 Bf4 42. Kf2 g5 43. hxg5 h4 44. Ne2 Bxg5 45. Kg2 Bd7 46. Bb3 Bd2 47.
Bf7 Kb6 48. Bd5 Ka5 49. Bb3 Bc8 50. Bc2 Be6 51. Bd1 Bc4 52. Kh3 Be1 53. f4 exf4
54. Nxf4 Bf1+ 55. Ng2 Bxc3 56. Bf3 Bf6 57. Kg4 Bxg2 58. Bxg2 b4 59. e5 Bd8 60.
Bd5 Ka4 61. Kh3 Ka3 62. e6 Be7 63. Kh2 Kb2 64. Kh3 Kc3 65. Kh2 Kd4 66. Ba2 Kc3
67. Bd5 b3 68. Bxb3 Kxb3 69. Kh1 Kc4 70. Kh2 0-1

[Event "European Blitz Championship 2021"]
[Site "Katowice"]
[Date "2021.12.17"]
[Round "4.17"]
[White "Cagara, Paulina"]
[Black "Kowalski, Igor"]
[Result "0-1"]
[WhiteElo "2045"]
[BlackElo "2276"]
[Annotator "NA"]
[PlyCount "70"]
[EventDate "2021.12.17"]
[EventType "swiss"]
[EventCountry "POL"]
[SourceTitle "playchess.com"]
[Source "ChessBase"]
[SourceQuality "1"]

1. e4 g6 2. d4 Bg7 3. Nc3 d6 4. Be3 a6 5. f3 Nd7 6. Qd2 b5 7. g4 Bb7 8. h4 h5
9. gxh5 Rxh5 10. Nge2 e6 11. O-O-O Nb6 12. Nf4 Rxh4 13. Bd3 Rxh1 14. Rxh1 Qe7
15. Nfe2 O-O-O 16. f4 f5 17. Ng3 Nf6 18. a3 Ng4 19. Bg1 Bf6 20. Rh3 Kb8 21. Kb1
d5 22. exf5 exf5 23. Ka2 Nc4 24. Qe2 Qg7 25. Qe6 Bc8 26. Qe2 Bxd4 27. Bxd4 Qxd4
28. Rh7 Qxf4 29. Qe7 Rd7 30. Qxd7 Bxd7 31. Rxd7 Qxg3 32. Nxd5 Nb6 33. Rd8+ Kb7
34. Nb4 c5 35. Nd5 Nxd5 0-1

[Event "European Blitz Championship 2021"]
[Site "Katowice"]
[Date "2021.12.17"]
[Round "4.18"]
[White "Mirzoev, Emil"]
[Black "Andrejczuk, Beata"]
[Result "1-0"]
[WhiteElo "2474"]
[BlackElo "2016"]
[Annotator "RC"]
[PlyCount "79"]
[EventDate "2021.12.17"]
[EventType "swiss"]
[EventCountry "POL"]
[SourceTitle "playchess.com"]
[Source "ChessBase"]
[SourceQuality "1"]

1. Nf3 g6 2. d4 Bg7 3. e4 d6 4. Bc4 Nf6 5. Qe2 O-O 6. Bb3 c5 7. dxc5 dxc5 8.
O-O Nc6 9. c3 Qc7 10. Bg5 Nd7 11. Nbd2 h6 12. Bh4 Kh7 13. Bg3 e5 14. Rfd1 a6
15. a4 Nf6 16. Nc4 Re8 17. Bc2 Nh5 18. Ne3 Nxg3 19. hxg3 Be6 20. Nd2 Rad8 21.
Ndf1 Ne7 22. Bd3 f5 23. exf5 Nxf5 24. Bc4 Bxc4 25. Nxc4 b5 26. Nce3 Nd6 27. Nd5
Qf7 28. axb5 axb5 29. Nfe3 c4 30. Ra6 Ne4 31. Qf3 Qxf3 32. gxf3 Nc5 33. Ra7 Ra8
34. Rc7 Rac8 35. Nf6+ Kh8 36. Nxe8 Rxe8 37. Rxc5 Rb8 38. Rd7 Kg8 39. Rcc7 Bf8
40. Nd5 1-0

[Event "European Blitz Championship 2021"]
[Site "Katowice"]
[Date "2021.12.17"]
[Round "4.18"]
[White "Kozak, Antoni"]
[Black "Starosta, Martyna"]
[Result "1-0"]
[WhiteElo "2272"]
[BlackElo "1938"]
[Annotator "ChessBase"]
[PlyCount "143"]
[EventDate "2021.12.17"]
[EventType "swiss"]
[EventCountry "POL"]
[SourceTitle "playchess.com"]
[Source "ChessBase"]
[SourceQuality "1"]

1. d4 Nf6 2. Nf3 g6 3. c4 c5 4. d5 d6 5. Nc3 Bg7 6. e4 a6 7. h3 O-O 8. a4 e6 9.
Bd3 exd5 10. exd5 Re8+ 11. Be3 Nbd7 12. O-O Nh5 13. Re1 Ne5 14. Nxe5 Bxe5 15.
Qd2 Ng7 16. f4 Bf6 17. Ne4 Bf5 18. Bf2 Bxe4 19. Bxe4 Qd7 20. Qc2 Nh5 21. Qd2 b5
22. Bf3 Ng7 23. Bg4 Qb7 24. cxb5 axb5 25. a5 Rxe1+ 26. Rxe1 b4 27. Ra1 h5 28.
Be2 Nf5 29. a6 Qb6 30. Bc4 Bd4 31. Re1 Kg7 32. g4 hxg4 33. hxg4 Bxf2+ 34. Qxf2
Nd4 35. Kg2 Qd8 36. g5 Qd7 37. Rh1 Qf5 38. Rh3 Qe4+ 39. Kh2 Nf5 40. Bd3 Qd4 41.
Qxd4+ Nxd4 42. Bc4 Nc2 43. b3 Nd4 44. Re3 Nf5 45. Re1 Kf8 46. Kg2 Ne7 47. Kf3
Nf5 48. Kg4 Ne7 49. Rd1 Nf5 50. Ra1 Ne3+ 51. Kf3 Nxc4 52. bxc4 Ke7 53. a7 Kd7
54. Ra6 Kc7 55. Ke4 b3 56. Kd3 Kb7 57. Rxd6 Kxa7 58. Kc3 Re8 59. Kxb3 Re4 60.
Rf6 Re7 61. Ka4 Kb7 62. Kb5 Rc7 63. Rb6+ Ka7 64. Rc6 Re7 65. Kxc5 Kb7 66. Rb6+
Ka7 67. Rf6 Rc7+ 68. Kd4 Kb7 69. c5 Re7 70. Rb6+ Ka7 71. d6 Rd7 72. Kd5 1-0

[Event "European Blitz Championship 2021"]
[Site "Katowice"]
[Date "2021.12.17"]
[Round "4.19"]
[White "Matuszczyk, Krystian"]
[Black "Kulon, Klaudia"]
[Result "0-1"]
[WhiteElo "1948"]
[BlackElo "2265"]
[Annotator "ChessBase"]
[PlyCount "98"]
[EventDate "2021.12.17"]
[EventType "swiss"]
[EventCountry "POL"]
[SourceTitle "playchess.com"]
[Source "ChessBase"]
[SourceQuality "1"]

1. e4 e5 2. Nf3 Nc6 3. Bb5 a6 4. Ba4 d6 5. O-O Bd7 6. c3 g6 7. h3 Bg7 8. d4 Nf6
9. Nbd2 O-O 10. Re1 h6 11. Nf1 Nh5 12. Bb3 b5 13. a4 Na5 14. Bc2 c5 15. Ne3
cxd4 16. cxd4 Nc6 17. Ng4 Kh7 18. Qd2 Nf4 19. Qd1 Nb4 20. Bb1 bxa4 21. Bxf4
exf4 22. Qd2 a5 23. Qxf4 Bxg4 24. hxg4 Qd7 25. g5 h5 26. Nh2 Bxd4 27. g4 Be5
28. Qf3 Bxh2+ 29. Kxh2 hxg4 30. Qf4 Qe6 31. Kg2 Kg7 32. Rxa4 Rh8 33. e5 Rh5 34.
Qf6+ Qxf6 35. gxf6+ Kh6 36. exd6 Rd5 37. Re4 Rd8 38. Rxg4 R8xd6 39. Be4 Rd2 40.
Bf3 Rxf6 41. Rxa5 Nd3 42. Rh4+ Kg7 43. Ra8 Rxf2+ 44. Kg1 R6xf3 45. Rhh8 Rf1+
46. Kg2 Ne1+ 47. Kh2 R1f2+ 48. Kg1 Rg2+ 49. Kh1 Rf1# 0-1

[Event "European Blitz Championship 2021"]
[Site "Katowice"]
[Date "2021.12.17"]
[Round "4.20"]
[White "Wieczorek, Oskar"]
[Black "Jedrusik, Adam"]
[Result "0-1"]
[WhiteElo "2258"]
[BlackElo "1995"]
[Annotator "ChessBase"]
[PlyCount "83"]
[EventDate "2021.12.17"]
[EventType "swiss"]
[EventCountry "POL"]
[SourceTitle "playchess.com"]
[Source "ChessBase"]
[SourceQuality "1"]

1. d4 Nf6 2. Bg5 c6 3. Bxf6 gxf6 4. c4 d5 5. Nc3 dxc4 6. a4 e5 7. Nf3 Be6 8. e4
Bb4 9. dxe5 Qxd1+ 10. Rxd1 Nd7 11. exf6 Nxf6 12. Nd2 O-O-O 13. Bxc4 Bxc4 14.
Nxc4 Nxe4 15. O-O Bxc3 16. bxc3 Nxc3 17. Rde1 Nd5 18. a5 Rhe8 19. Rxe8 Rxe8 20.
Nd6+ Kd7 21. Nxe8 Kxe8 22. Re1+ Kd7 23. Re4 b5 24. axb6 axb6 25. Rh4 Nf6 26.
Kf1 c5 27. Ke2 b5 28. Kd3 h5 29. Rf4 Ke6 30. f3 Ke5 31. Rh4 c4+ 32. Kc2 Kd5 33.
Rf4 Ke5 34. Rh4 Kd5 35. Rf4 Ke5 36. Rh4 Nd5 37. Rxh5+ f5 38. g4 Kd4 39. gxf5 b4
40. Rh4+ Kc5 41. Re4 Nc3 42. f6 0-1

[Event "European Blitz Championship 2021"]
[Site "Katowice"]
[Date "2021.12.17"]
[Round "4.20"]
[White "Kyc, Jerzy"]
[Black "Galuszka, Tomasz"]
[Result "1/2-1/2"]
[WhiteElo "2250"]
[BlackElo "2181"]
[Annotator "ChessBase"]
[PlyCount "123"]
[EventDate "2021.12.17"]
[EventType "swiss"]
[EventCountry "POL"]
[SourceTitle "playchess.com"]
[Source "ChessBase"]
[SourceQuality "1"]

1. e4 c6 2. d4 d5 3. exd5 cxd5 4. c4 e6 5. Nc3 Nf6 6. Nf3 Be7 7. Bd3 O-O 8. O-O
dxc4 9. Bxc4 Nc6 10. Bf4 a6 11. Rc1 b5 12. Bb3 Bb7 13. d5 exd5 14. Nxd5 Nxd5
15. Bxd5 Rc8 16. Re1 Bf6 17. Rc2 Nb4 18. Rxc8 Qxc8 19. Bxb7 Qxb7 20. Be5 Bxe5
21. Nxe5 h6 22. h3 Re8 23. a3 Qd5 24. Nf3 Rxe1+ 25. Qxe1 Nc6 26. Qc3 Qd1+ 27.
Kh2 Qd6+ 28. g3 Qd5 29. Qe3 Kh7 30. g4 Qd6+ 31. Kg1 Qd1+ 32. Kg2 Qd5 33. h4 f6
34. Kg3 Qd6+ 35. Kh3 Qd5 36. g5 hxg5 37. hxg5 Ne5 38. Nxe5 fxe5 39. Kg4 Kg6 40.
Qb6+ Kh7 41. f3 Qd7+ 42. Kg3 Qe7 43. Qe3 Kg6 44. Qe4+ Kh5 45. Qg4+ Kg6 46. Kh4
a5 47. Qh5+ Kf5 48. Qg4+ Kg6 49. Qe4+ Kf7 50. Qd5+ Kg6 51. Qc6+ Kf5 52. Qc2+
Ke6 53. Qb3+ Kf5 54. Qd3+ Ke6 55. Qxb5 g6 56. Qc6+ Kf5 57. Qe4+ Ke6 58. Qxg6+
Kd5 59. Qd3+ Kc5 60. Qc3+ Kd5 61. Qxa5+ Kd4 62. Qb4+ 1/2-1/2

[Event "European Blitz Championship 2021"]
[Site "Katowice"]
[Date "2021.12.17"]
[Round "4.21"]
[White "Teclaf, Pawel"]
[Black "Melderis, Uldis"]
[Result "1-0"]
[WhiteElo "2543"]
[BlackElo "1825"]
[Annotator "RC"]
[PlyCount "35"]
[EventDate "2021.12.17"]
[EventType "swiss"]
[EventCountry "POL"]
[SourceTitle "playchess.com"]
[Source "ChessBase"]
[SourceQuality "1"]

1. Nf3 e6 2. g3 Nf6 3. Bg2 d5 4. O-O c5 5. b3 Bd6 6. Bb2 O-O 7. d4 Nbd7 8. Nbd2
cxd4 9. Nxd4 a6 10. c4 Be5 11. cxd5 Nxd5 12. Nc4 Bf6 13. Rc1 b5 14. Nc6 Qe8 15.
Nd6 Bxb2 16. Nxe8 Rxe8 17. Bxd5 exd5 18. Qxd5 1-0

[Event "European Blitz Championship 2021"]
[Site "Katowice"]
[Date "2021.12.17"]
[Round "4.21"]
[White "Rudzinska, Michalina"]
[Black "Gerasimenyk, Mikhail"]
[Result "1-0"]
[WhiteElo "2209"]
[BlackElo "2258"]
[Annotator "NA"]
[PlyCount "97"]
[EventDate "2021.12.17"]
[EventType "swiss"]
[EventCountry "POL"]
[SourceTitle "playchess.com"]
[Source "ChessBase"]
[SourceQuality "1"]

1. e4 d5 2. exd5 Qxd5 3. Nc3 Qa5 4. d4 Nf6 5. Nf3 Nc6 6. Be2 Bg4 7. h3 Bh5 8.
O-O O-O-O 9. Be3 e5 10. Nxe5 Nxe5 11. Bxh5 Nc4 12. Bg4+ Kb8 13. Qf3 h5 14. Bf5
Nxe3 15. fxe3 Bd6 16. a3 g6 17. Bd3 Ng4 18. hxg4 hxg4 19. Qxg4 f5 20. Qf3 Rh4
21. b4 Qb6 22. Kf2 f4 23. Ke2 fxe3 24. Qxe3 Qc6 25. Ne4 Rh2 26. Nxd6 cxd6 27.
Be4 d5 28. Qf4+ Ka8 29. Qxh2 dxe4 30. Kf2 e3+ 31. Kg1 Qxc2 32. Qf4 e2 33. Rfe1
Qd3 34. Rac1 a6 35. Qf3 Qxd4+ 36. Qf2 Qb2 37. Qxe2 Qxa3 38. Rcd1 Rc8 39. Qg4
Rf8 40. Qxg6 Qa4 41. Qd6 Rg8 42. Qe6 Rf8 43. Qe4 Qb5 44. Rd5 Qb6+ 45. Qd4 Qc7
46. Rd1 Rc8 47. Rd8 b6 48. Rxc8+ Qxc8 49. Qd8 1-0

[Event "European Blitz Championship 2021"]
[Site "Katowice"]
[Date "2021.12.17"]
[Round "4.22"]
[White "Samborski, Henryk"]
[Black "Blohberger, Felix"]
[Result "0-1"]
[WhiteElo "2046"]
[BlackElo "2490"]
[Annotator "RC"]
[PlyCount "62"]
[EventDate "2021.12.17"]
[EventType "swiss"]
[EventCountry "POL"]
[SourceTitle "playchess.com"]
[Source "ChessBase"]
[SourceQuality "1"]

1. e4 c5 2. Nf3 e6 3. d3 Nc6 4. g3 d5 5. Nbd2 Nf6 6. Bg2 Be7 7. O-O b6 8. Re1
Bb7 9. e5 Nd7 10. Nf1 Qc7 11. Bf4 h6 12. h4 O-O-O 13. h5 Kb8 14. c4 d4 15. a3
g5 16. hxg6 fxg6 17. Qe2 g5 18. Bd2 Rdf8 19. N1h2 Rhg8 20. Ng4 h5 21. Nf6 Nxf6
22. exf6 Bxf6 23. Qxe6 h4 24. g4 Bd8 25. Ne5 Nxe5 26. Qxe5 Bxg2 27. Kxg2 h3+
28. Kxh3 Rxf2 29. Rad1 Qxe5 30. Rxe5 Bc7 31. Rxg5 Rh2# 0-1

[Event "European Blitz Championship 2021"]
[Site "Katowice"]
[Date "2021.12.17"]
[Round "4.23"]
[White "Sadzikowski, Daniel"]
[Black "Skurniak, Szymon"]
[Result "1-0"]
[WhiteElo "2525"]
[BlackElo "2032"]
[Annotator "RC"]
[PlyCount "95"]
[EventDate "2021.12.17"]
[EventType "swiss"]
[EventCountry "POL"]
[SourceTitle "playchess.com"]
[Source "ChessBase"]
[SourceQuality "1"]

1. Nf3 d5 2. d4 Nf6 3. Bf4 c5 4. e3 Nc6 5. Nbd2 g6 6. c3 Qb6 7. Qb3 c4 8. Qxb6
axb6 9. a3 b5 10. Rc1 Bf5 11. Be2 Bg7 12. h3 Nd7 13. g4 Be6 14. Ng5 Nb6 15.
Nxe6 fxe6 16. Bg3 e5 17. f4 e4 18. h4 e6 19. h5 Ke7 20. Nf1 Kd7 21. Kd2 Bf6 22.
Bf2 g5 23. h6 Rhg8 24. Rh5 gxf4 25. exf4 Be7 26. Be3 Raf8 27. g5 Bd6 28. Rh4
Ne7 29. Ng3 Ng6 30. Rhh1 Bxf4 31. Nh5 Bxe3+ 32. Kxe3 Kd6 33. Rcf1 Nd7 34. Bg4
Rxf1 35. Rxf1 Rf8 36. Rxf8 Ngxf8 37. Nf4 e5 38. dxe5+ Nxe5 39. Bh5 Nfg6 40.
Bxg6 hxg6 41. h7 Nf7 42. Nxg6 b4 43. axb4 Ke6 44. h8=Q Nxh8 45. Nxh8 Kf5 46.
Nf7 Kg6 47. Nd6 Kxg5 48. Nxb7 1-0

[Event "European Blitz Championship 2021"]
[Site "Katowice"]
[Date "2021.12.17"]
[Round "4.23"]
[White "Mirski, Michal"]
[Black "Kastelik, Adrian"]
[Result "1-0"]
[WhiteElo "2039"]
[BlackElo "2248"]
[Annotator "ChessBase"]
[PlyCount "119"]
[EventDate "2021.12.17"]
[EventType "swiss"]
[EventCountry "POL"]
[SourceTitle "playchess.com"]
[Source "ChessBase"]
[SourceQuality "1"]

1. e4 e5 2. Nf3 Nc6 3. Bc4 Nf6 4. d3 Be7 5. O-O O-O 6. c3 d5 7. exd5 Nxd5 8.
Re1 Bf6 9. Nbd2 Nb6 10. Bb5 Bf5 11. Ne4 Bxe4 12. dxe4 Qxd1 13. Rxd1 Ne7 14. Be3
c6 15. Be2 Rfd8 16. Bxb6 axb6 17. Rxd8+ Rxd8 18. Rd1 Rxd1+ 19. Bxd1 g6 20. Nd2
h5 21. Bb3 Bg5 22. Nc4 Nc8 23. Nxe5 Nd6 24. Nxg6 Nxe4 25. Ne5 Nd6 26. Bd1 Bc1
27. b3 Bb2 28. Bxh5 Bxc3 29. Nd3 Kg7 30. h4 Nf5 31. g3 Nd4 32. Bd1 c5 33. Kg2
Kf6 34. f4 Nf5 35. Kf3 Bd4 36. h5 b5 37. Be2 c4 38. Nb4 Nd6 39. g4 c3 40. g5+
Ke6 41. h6 Bc5 42. Nc2 Nf5 43. Bd3 Nd4+ 44. Nxd4+ Bxd4 45. Ke4 Bh8 46. f5+ Ke7
47. g6 fxg6 48. fxg6 Bf6 49. Kd5 b4 50. Kc4 Kf8 51. Kxb4 Kg8 52. Kb5 Kf8 53.
Kb6 Kg8 54. Kxb7 Bg5 55. h7+ Kg7 56. a4 Be7 57. a5 Bc5 58. a6 Bd4 59. a7 Bxa7
60. Kxa7 1-0

[Event "European Blitz Championship 2021"]
[Site "Katowice"]
[Date "2021.12.17"]
[Round "4.24"]
[White "Przybylski, Wojciech"]
[Black "Parol, Pola"]
[Result "1-0"]
[WhiteElo "2247"]
[BlackElo "2067"]
[Annotator "ChessBase"]
[PlyCount "111"]
[EventDate "2021.12.17"]
[EventType "swiss"]
[EventCountry "POL"]
[SourceTitle "playchess.com"]
[Source "ChessBase"]
[SourceQuality "1"]

1. e4 c5 2. Nf3 d6 3. Bb5+ Nd7 4. a4 a6 5. Bc4 Ngf6 6. Nc3 e6 7. O-O Be7 8. d3
O-O 9. a5 b5 10. axb6 Nxb6 11. Bb3 d5 12. e5 Nfd7 13. Re1 Qc7 14. Bf4 Bb7 15.
d4 cxd4 16. Nxd4 Rfc8 17. Qg4 Nf8 18. Rad1 Nc4 19. Bxc4 Qxc4 20. Rd3 Ng6 21.
Bg3 Bb4 22. Rf1 Qc7 23. Nxe6 fxe6 24. Qxb4 Bc6 25. Qg4 Bd7 26. h4 Rf8 27. h5
Ne7 28. h6 g6 29. Qe2 Nf5 30. Bf4 Rab8 31. b3 d4 32. Ne4 Bb5 33. g4 Bxd3 34.
Qxd3 Ne7 35. Bg3 Nd5 36. Nd6 Qc3 37. Qe4 Qf3 38. Qxd4 Nf4 39. Qe4 Qxe4 40. Nxe4
Nd5 41. Nc5 Rbc8 42. Nxe6 Rfe8 43. Nd4 Nc3 44. Re1 Rcd8 45. Nf3 Nd5 46. c4 Ne7
47. e6 Rd3 48. Ne5 Rxb3 49. Nd7 Rf8 50. Bh4 Nc6 51. e7 Nxe7 52. Rxe7 Rb1+ 53.
Kg2 Rb2 54. Nf6+ Rxf6 55. Bxf6 a5 56. Bxb2 1-0

[Event "European Blitz Championship 2021"]
[Site "Katowice"]
[Date "2021.12.17"]
[Round "4.25"]
[White "Wiecek, Pawel"]
[Black "Kacprzak, Kacper"]
[Result "0-1"]
[WhiteElo "1871"]
[BlackElo "2245"]
[Annotator "NA"]
[PlyCount "72"]
[EventDate "2021.12.17"]
[EventType "swiss"]
[EventCountry "POL"]
[SourceTitle "playchess.com"]
[Source "ChessBase"]
[SourceQuality "1"]

1. d4 Nf6 2. c4 e6 3. g3 d5 4. Nf3 dxc4 5. Bg2 a6 6. a4 Nc6 7. O-O Rb8 8. Na3
b5 9. b3 Bxa3 10. Bxa3 b4 11. Bc1 c3 12. Bg5 h6 13. Bf4 O-O 14. Qc2 a5 15. Rad1
Bb7 16. e4 Ne7 17. Ne5 Qc8 18. Nc4 Ra8 19. Rfe1 Rd8 20. h3 Ba6 21. Ne5 Bb7 22.
g4 Nd7 23. Nc4 Nb6 24. Ne3 c5 25. dxc5 Qxc5 26. g5 hxg5 27. Bg3 Ng6 28. Ng4 Nf4
29. Bf1 Bc6 30. Qc1 Ng6 31. Ne3 Bxe4 32. Nc4 Nxc4 33. Rxe4 Nd2 34. Rg4 Nxb3 35.
Qc2 Rxd1 36. Qxd1 c2 0-1